000 00493nam a2200181Ia 4500
005 20250508150525.0
008 008 250505s9999 xx 000 0 hin d
037 _aTextual
040 _aFEDL
_beng
_cFEDL
041 _ahin
_2hin
084 _a891.43109, MAD
_qFEDL
100 _aMadan Indarnath
_9756922
245 0 _aHindi kalakar
260 _aDelhi, India
_bAtmaram and Sons
_c1948
300 _a384p.
942 _cTEXL
_h891.43109, MAD
999 _c1324064
_d1324064